Loading...

Business ethics and professional values /

Bibliographic Details
Main Author: A. B. Rao
Format: Printed Book
Language:English
Published: New Delhi: Excel, 2006.
Edition:1st ed.
Subjects:
LEADER 00636cam a2200217ua 4500
008 070504t2006||||||||||| 001 ||eng c
020 |a 81-7446-479-4 
041 0 |a eng 
082 |a 174.4  |b ABR/B 
100 0 |a A. B. Rao,  
245 0 0 |a Business ethics and professional values /  
250 |a 1st ed. 
260 |a New Delhi:  |b Excel,  |c 2006. 
300 |a 195p.. 
362 1 |a 2006. 
365 |a Rs 195/-  |e pb 
500 |a Includes index. 
650 0 |a Business management 
942 |c  BK 
999 |c 14578  |d 14578 
952 |0 0  |1 0  |4 0  |6 174_400000000000000_ABR  |7 0  |9 15194  |a KUCL  |b KUCL  |d 2014-05-23  |l 0  |o 174.4 ABR/  |p 17045  |r 2014-05-23  |w 2014-05-23  |y  BK